000 00763nam a22002057a 4500
005 20120727111957.0
010 _aB-477255
020 _a9788178690803
_c89.00
035 _aB-477255
037 _adpl
037 _aK.K.Pub/Ven
082 _a641.5636
100 _aMehta, Nita
_950947
245 _aTaste of delhi /
_cby Nita Mehta's
260 _aNew Delhi
_bSnab Publisher
_c2011
300 _a102 p.
_bpictures
_c12cm
942 _2ddc
_cEN
_mMEH
_h641.5636
999 _c68755
_d68755